Changing children's behaviour : (Record no. 4192)

MARC details
000 -LEADER
fixed length control field 00612 a2200181 4500
010 ## - LCCN (DPL NO)
LC control number ENG-86122
020 ## - INTERNATIONAL STANDARD BOOK NUMBER
International Standard Book Number 8120331785
Terms of availability 295.00
035 ## - SYSTEM CONTROL NUMBER
System control number EN-69655
037 ## - SOURCE OF ACQUISITION
Source of stock number/acquisition DBAD / PUB
082 14 - DEWEY DECIMAL CLASSIFICATION NUMBER
Classification number 155.418
100 1# - MAIN ENTRY--PERSONAL NAME
Personal name Munger, Richard L.
245 1# - TITLE STATEMENT
Title Changing children's behaviour :
Statement of responsibility, etc by Richard L. Munger
Remainder of title by changing the people, places, and activities in their lives /
260 ## - PUBLICATION, DISTRIBUTION, ETC. (IMPRINT)
Place of publication, distribution, etc New Delhi
Name of publisher, distributor, etc Prentice Hall of India
Date of publication, distribution, etc 2007
270 ## - ADDRESS
Address M-97, Cannaught Circus,
City New Delhi
Postal code 110 001
300 ## - PHYSICAL DESCRIPTION
Extent xvi 296 p.
Dimensions 22cm. (Pbk.)
500 ## - GENERAL NOTE
General note Includes index
942 ## - ADDED ENTRY ELEMENTS (KOHA)
Institution code [OBSOLETE] dpl
Item type English Books
Source of classification or shelving scheme Dewey Decimal Classification
Classification part 155.418
Call number suffix MUN
Holdings
Withdrawn status Lost status Not for loan Collection code Home library Current library Source of acquisition Cost, normal purchase price Full call number Barcode Copy number Cost, replacement price Koha item type Date acquired
    Not For Loan Non-fiction D.B.Act.Division D.B.Act.Division DBAD/PUB 295.00 155.418 MUN EN-69655 1 295.00 English Books  
        Sarojini Nagar Sarojini Nagar     050 CHI       English Books 17/06/2019
        Sarojini Nagar Sarojini Nagar     155.418 MUN     0.00 English Books 17/06/2019

© Delhi Public Library
Hit Counter
free hit counter